000 00827nam a2200229 i 4500
001 187019
003 SpMaBN
005 20230906222810.0
008 170329s1994 sp ach |||| |dspa d
020 _a84-7719-435-1
080 _a929 Arnau de Vilanova:576.8
080 _a576.8(035.3)"12"
100 1 _aCordero del Campillo, Miguel.
_940521
245 1 0 _aArnau de Vilanova y la parasitología /
_cMiguel Cordero del Campillo ; prólogo del Prof. Dr. J. Panigua Arellano.
260 _aLeón :
_bUniversidad, Secretariado de Publicaciones,
_c1994.
300 _a186 p. :
_bil., 1 retr. ;
_c24 cm.
504 _aBibliografía: p. 181-186.
600 0 7 _aArnau de Vilanova.
_923056
650 7 _aParasitología-
_vObras anteriores a 1800.
_9162232
710 2 _aUniversidad de León.
_97200
852 _aES-MaACL
_jL-31338
999 _c187019
_d187019